| 000 | 00000nam##2200000za#4500 |
| 001 | 9.530321 |
| 003 | CaOODSP |
| 005 | 20200331230141 |
| 007 | ta |
| 008 | 150406|1998||||xxc||||| f|0| 0 fre|d |
| 020 | |a0-660-60467-1 |
| 040 | |aCaOODSP|bfre |
| 041 | |aeng |
| 041 | |afre |
| 043 | |an-cn--- |
| 086 | 1 |aBT31-2/1999-III-32 |
| 110 | 1 |aCanada. |bConseil du trésor. |
| 245 | 10|aCommissariat aux langues officielles |
| 260 | |aOttawa - Ontario : |bSecrétariat du Conseil du Trésor du Canada |c1998. |
| 300 | |aTexte français, 27p. : |borganigramme, tableaux ; |c28 cm. |
| 490 | 1 |aBudget des dépenses 1998-1999, partie III: Rapport sur les plans et les priorités |
| 546 | |aBilingue |
| 563 | |aCouverture souple |
| 590 | |a98-14|b1998-04-03 |
| 776 | 0#|tOffice of the Commissioner of Official Languages, 1998-1999 main estimates, a report on plans and priorities |w(CaOODSP)9.567641 |
| 776 | 0#|tCommissariat aux langues officielles, budget des dépenses 1998-1999, un rapport sur les plans et priorités |w(CaOODSP)9.598971 |
| 791 | |tOffice of the Commissioner of Official Languages |eeng|w(CaOODSP)9.530320 |
| 830 | #0|aBudget des dépenses 1998-1999, partie III: Rapport sur les plans et les priorités.|w(CaOODSP)9.508961 |